BIBLIOTECA

SENCICO

La práctica del urbanismo : una introducción al arte de proyectar ciudades y barrios (Registro nro. 2120)

Detalles MARC
000 -LEADER
fixed length control field 00768nam a2200205Ia 4500
005 - DATE AND TIME OF LATEST TRANSACTION
control field 20251020182532.0
008 - FIXED-LENGTH DATA ELEMENTS--GENERAL INFORMATION
fixed length control field 200515s9999 xx 000 0 und d
082 ## - DEWEY DECIMAL CLASSIFICATION NUMBER
Classification number 711/U42
100 ## - MAIN ENTRY--PERSONAL NAME
Personal name UNWIN, Raymond
245 #0 - TITLE STATEMENT
Title La práctica del urbanismo : una introducción al arte de proyectar ciudades y barrios
250 ## - EDITION STATEMENT
Edition statement 2a ed.
260 ## - PUBLICATION, DISTRIBUTION, ETC.
Place of publication, distribution, etc. Barcelona
260 ## - PUBLICATION, DISTRIBUTION, ETC.
Date of publication, distribution, etc. 1984
500 ## - GENERAL NOTE
General note 1 ejemplar
520 ## - SUMMARY, ETC.
Summary, etc. Compendio del diseño urbano histórico. Sus reflexiones en torno al arte de la planificación urbana y a la individualidad y belleza de las ciudades, suponen una particular defensa del valor de su forma desde la plataforma del movimiento «Arts and Crafts»
650 ## - SUBJECT ADDED ENTRY--TOPICAL TERM
Topical term or geographic name entry element LIB
650 ## - SUBJECT ADDED ENTRY--TOPICAL TERM
Topical term or geographic name entry element PLANIFICACION URBANA
650 ## - SUBJECT ADDED ENTRY--TOPICAL TERM
Topical term or geographic name entry element URBANISMO
942 ## - ADDED ENTRY ELEMENTS (KOHA)
Koha item type Libros
Existencias
Fecha de la última vez que lo usaron Pago total Signatura topográfica completa Código de barras Precio efectivo desde Tipo de documento Estado perdido Estado dañado No es para préstamo Retirado Ubicación permanente Ubicación actual Fecha de adquisición
15/05/2020   711/U42 Bib-Lima15052120 15/05/2020 Libros         Biblioteca Central Lima Biblioteca Central Lima 15/05/2020